000 00987nam0a22002891 4500
001 v19\rc\1849802
005 20251118180110.8
035 _a(NLR Aleph) 004945381
090 _a5825395
_c5825395
100 _a20080221d1909 u y0rusy50 ca
101 0 _arus
102 _aRU
105 _ay z |||a|
200 1 _aГастролер-экспроприатор
_eКомедия в 3 д.
_fСоч. А.О. Гзовского
210 _aМосква
_cлит. Моск. театр. б-ки С.Ф. Рассохина
_dценз. 1909
215 _a94 с.
_d23
309 _aНаписано от руки. Литогр.
700 1 _7ca
_8rus
_aГзовский
_bА. И.
_f1888-1963
_gАлександр Иосифович
_9239533
_3RU\NLR\AUTH\770239589
801 0 _aRU
_bNLR
_gpsbo
801 0 _aRU
_bRuMoRGB
_2psbo
801 1 _aRU
_bProSoft-M
_2rusmarc
852 _aNLR
_j34.87.2.243
899 _aRuMoRGB
_jV 12/908
899 _aБАН
942 _cBOOK
980 _aNB